مكتبة جامعة عجلون الوطنية

فهرس بحث المكتبة

Normal view MARC view
  • عطية، عطية محمد مؤلف/الحشكي،يوسف محمد م.مشارك/أحمد،رضا محمد م.مشارك/أبو مغلي،أنور م.مشارك/النبالي،عبد اللطيف مطيع م.مشارك

Entry Personal Name

Number of records used in: 1

001 - CONTROL NUMBER

  • control field: 37574

003 - CONTROL NUMBER IDENTIFIER

  • control field: JO-AjAnu

005 - DATE AND TIME OF LATEST TRANSACTION

  • control field: 20230606080250.0

008 - FIXED-LENGTH DATA ELEMENTS

  • fixed length control field: 230606|| aca||aabn | a|a d

040 ## - CATALOGING SOURCE

  • Original cataloging agency: JO-AjAnu
  • Transcribing agency: JO-AjAnu

100 ## - HEADING--PERSONAL NAME

  • Personal name: عطية، عطية محمد مؤلف/الحشكي،يوسف محمد م.مشارك/أحمد،رضا محمد م.مشارك/أبو مغلي،أنور م.مشارك/النبالي،عبد اللطيف مطيع م.مشارك

670 ## - SOURCE DATA FOUND

  • Source citation: Work cat.: (JO-AjAnu)19279: عطية، عطية محمد مؤلف/الحشكي،يوسف محمد م.مشارك/أحمد،رضا محمد م.مشارك/أبو مغلي،أنور م.مشارك/النبالي،عبد اللطيف مطيع م.مشارك, author, طرق تعليم الأطفال القراءة والكتابة